<?xml version="1.0" encoding="UTF-8"?>
<collection xmlns="http://www.loc.gov/MARC21/slim">
 <record>
  <leader>01044nam a22001811  4500</leader>
  <controlfield tag="001">1/12551</controlfield>
  <controlfield tag="008">980318s1980    gr             001  gre d</controlfield>
  <datafield tag="035" ind1=" " ind2=" ">
   <subfield code="l">12967</subfield>
  </datafield>
  <datafield tag="040" ind1=" " ind2=" ">
   <subfield code="a">GR-PeUP</subfield>
  </datafield>
  <datafield tag="082" ind1="0" ind2="0">
   <subfield code="a">382.914'2 MA</subfield>
  </datafield>
  <datafield tag="100" ind1="1" ind2=" ">
   <subfield code="a">Ιωακειμίδης, Παναγιώτης Κ.</subfield>
  </datafield>
  <datafield tag="245" ind1="1" ind2="2">
   <subfield code="a">Ο διεθνής ρόλος των μικρών χωρών και η ένταξη της ελλάδας στην ΕΟΚ:</subfield>
   <subfield code="b">Μια συνοπτική προσέγγιση στις οικονομικές και πολιτικές διαστάσεις της αλληλεξάρτησης/</subfield>
   <subfield code="c">Π. Κ. Ιωακειμίδης.</subfield>
  </datafield>
  <datafield tag="260" ind1=" " ind2=" ">
   <subfield code="a">ΑΘήνα:</subfield>
   <subfield code="b">Παπαζήσης,</subfield>
   <subfield code="c">1980.</subfield>
  </datafield>
  <datafield tag="300" ind1=" " ind2=" ">
   <subfield code="a">54σ.;</subfield>
   <subfield code="c">20 εκ.</subfield>
  </datafield>
  <datafield tag="504" ind1=" " ind2=" ">
   <subfield code="a">Βιβλιογραφία.</subfield>
  </datafield>
  <datafield tag="610" ind1="2" ind2="0">
   <subfield code="a">Ευρωπαϊκή Οικονομική Κοινότητα</subfield>
   <subfield code="x">Σχέσεις</subfield>
   <subfield code="z">Ελλάδα..</subfield>
  </datafield>
  <datafield tag="852" ind1=" " ind2=" ">
   <subfield code="a">INST</subfield>
   <subfield code="b">UNIPILB</subfield>
   <subfield code="c">MAIN</subfield>
   <subfield code="e">20040709</subfield>
   <subfield code="h">382.914'2 MA</subfield>
   <subfield code="p">00128261</subfield>
   <subfield code="q">00128261</subfield>
   <subfield code="t">LOAN</subfield>
   <subfield code="y">0</subfield>
   <subfield code="4">1</subfield>
  </datafield>
  <datafield tag="852" ind1=" " ind2=" ">
   <subfield code="a">INST</subfield>
   <subfield code="b">UNIPILB</subfield>
   <subfield code="c">MAIN</subfield>
   <subfield code="e">20040709</subfield>
   <subfield code="h">382.914'2 MA</subfield>
   <subfield code="p">00142563</subfield>
   <subfield code="q">00142563</subfield>
   <subfield code="t">LOAN</subfield>
   <subfield code="y">0</subfield>
   <subfield code="4">2</subfield>
  </datafield>
 </record>
</collection>
